=LDR 00000nam 2200000 4500 =001 INLIS00000000000024 =005 20260702043538 =020 ##$$a 9786237495307 =082 ##$$a 639.543 =100 1#$$a Ratriningsih, Dwi Pajar =245 1 $$a Budidaya Udang Vaname Yang Menguntungkan /$c Dwi Pajar Ratriningsih =300 ##$$a 128 ; 14,5 x 21